Addiction (Record no. 789923)

MARC details
000 -LEADER
fixed length control field 00865nam a2200277Ia 4500
003 - CONTROL NUMBER IDENTIFIER
control field OSt
005 - DATE AND TIME OF LATEST TRANSACTION
control field 20220928131213.0
008 - FIXED-LENGTH DATA ELEMENTS--GENERAL INFORMATION
fixed length control field 220927b |||||||| |||| 00| 0 eng d
037 ## - SOURCE OF ACQUISITION
Terms of availability Textual
040 ## - CATALOGING SOURCE
Original cataloging agency SDCL
Transcribing agency SDCL
Language of cataloging eng
041 ## - LANGUAGE CODE
Source of code eng
Language code of text/sound track or separate title eng
100 ## - MAIN ENTRY--PERSONAL NAME
Personal name Davis Oaul Ed.
9 (RLIN) 477421
245 #0 - TITLE STATEMENT
Title Addiction
Remainder of title Psychology and treatment
260 ## - PUBLICATION, DISTRIBUTION, ETC.
Place of publication, distribution, etc. Hoboken
Name of publisher, distributor, etc. Wiley
Date of publication, distribution, etc. 2018
300 ## - PHYSICAL DESCRIPTION
Extent xxiv,311p.
Dimensions cm.
650 ## - SUBJECT ADDED ENTRY--TOPICAL TERM
Topical term or geographic name entry element Applied Psychology
700 ## - ADDED ENTRY--PERSONAL NAME
Personal name Jackson Sue Ed.
9 (RLIN) 477422
700 ## - ADDED ENTRY--PERSONAL NAME
Personal name Patton Robert Ed.
9 (RLIN) 477423
942 ## - ADDED ENTRY ELEMENTS (KOHA)
Classification part S:796, Q8
Koha item type Textual
Source of classification or shelving scheme Colon Classification (CC)
Holdings
Withdrawn status Lost status Damaged status Not for loan Home library Current library Date acquired Source of acquisition Total Checkouts Full call number Barcode Date last seen Price effective from Koha item type
        South Campus Library South Campus Library 2022-09-28 048, 27/02/2018, Excel Book International   S:796 Q8 SC1621114 2022-09-28 2022-09-28 Textual
Copyright @ Delhi University Library System